000 00483nam a2200181Ia 4500
003 GCL
008 140319s9999 xx 000 0 ara d
040 _aGCL /
_cGCL
082 0 4 _a811.9
_bم ا
100 1 _aمحمد العفيفى
245 1 0 _aاغانى الصمت /
_cمحمد العفيفى
300 _a92 ص
490 _a100 قصة
_v0
650 0 4 _aالشعر العربى
650 0 4 _aالادب العربى
650 0 4 _aالعصر الحديث
942 _2ddc
_cBK
999 _c46779
_d46779